| 000 | 00957nam a22002177a 4500 | ||
|---|---|---|---|
| 005 | 20240530110932.0 | ||
| 008 | 160518s2002 xxu f b 000 0 ara d | ||
| 040 | _aEG-CaGPL | ||
| 082 | 0 | 4 |
_221 _a361 \ _bم م |
| 100 | 0 | _aماهر ابو المعاطى على | |
| 245 | 1 | 0 |
_aمقدمة فى الخدمة الاجتماعية : _bمع نماذج تعليم وممارسة المهنة فى الدول العربية / _cماهر ابو المعاطى على |
| 250 | _aط. 1 | ||
| 260 |
_aالقاهرة : _bمكتبة النهضة المصرية ، _c2002 |
||
| 300 |
_a422 ص. ؛ _c24 سم . |
||
| 490 |
_aسلسلة مجالات وطرق الخدمة الاجتماعية _v( 17 ) |
||
| 650 | 0 | 4 |
_aمجالات الخدمة الاجتماعية _2qrmak |
| 650 | 0 | 4 |
_aالتخطيط _xالخدمة الاجتماعية _2qrmak |
| 650 | 0 | 4 |
_aالعمل الجماعى _2qrmak |
| 942 |
_2ddc _cBK |
||
| 999 |
_c66668 _d66668 |
||